| 000 | 00797nam a2200229 a 4500 | ||
|---|---|---|---|
| 001 | 6620 | ||
| 003 | BD-RjUL | ||
| 005 | 20211208234300.0 | ||
| 008 | 161006s1964 ru 000 0 eng | ||
| 035 |
_aOCLC ocm00024762 from D971021M _a(BD-RjUL)6661 |
||
| 040 |
_aDLC _cDLC _dEQO _dBD-RjUL _beng |
||
| 041 | 1 | _aengrus | |
| 082 | 0 | 0 |
_a546 _218 _bSEL 1964 |
| 100 | 1 |
_aSemishin, V. _q(VasiliÄ Ivanovich) _920820 |
|
| 245 | 1 | 0 |
_aLaboratory exercises in general chemistry / _c[by] V. Semishin. Translated from the Russian by Boris Belitsky. |
| 260 |
_aMoscow : _bPeace Publishers, _cc1964. |
||
| 300 |
_a343 p. : _bill. ; _c22 cm. |
||
| 500 | _aTranslation of: Praktikum po obshcheÄ khimii. | ||
| 650 | 0 |
_aChemistry, Inorganic _vLaboratory manuals. _920821 |
|
| 942 |
_2ddc _cBK |
||
| 999 |
_c6620 _d6620 |
||